000
00329nam a2200133Ia 4500
008
230411s9999 xx 000 0 und d
041
_a
eng
082
_a
X/891/JAD/B05577
100
_a
Jadhav M R
_9
113057
245
_a
Suwicharancha Amrutwel
260
_b
General
_a
Kolhapur
_c
2008
300
_a
64p
999
_c
156096
_d
156096